| 000 | 00533nam a2200217Ia 4500 | ||
|---|---|---|---|
| 005 | 20250130034503.0 | ||
| 008 | 240331s9999 xx 000 0 und d | ||
| 020 | _a0394719603 | ||
| 082 |
_bOAK _244 _a305.4 |
||
| 100 | _aOakley, A | ||
| 245 | 0 |
_aWomen's Work: _bThe Housewife, Past and Present |
|
| 250 | _a2nd Edition | ||
| 260 |
_aNew York _bVintage Books _c1976 |
||
| 300 | _ax, 275 p., | ||
| 650 | _aWomen | ||
| 650 | _aHousework | ||
| 650 | _aWorker | ||
| 650 | _aIndustrialization | ||
| 650 | _aMotherhood | ||
| 942 | _cL | ||
| 999 |
_c1680 _d1680 |
||